Hírszerzés és elhárítás az osztrák-magyar katonai titkosszolgálat /

Elmentve itt :
Bibliográfiai részletek
Szerző: Szabó Szilárd
Testületi szerző: Az első világháború információtörténetéhez
Dokumentumtípus: Könyv része
Megjelent: Primaware Szeged 2014
Sorozat:Az I. világháború információtörténetéhez : előadás-kivonatok
Kulcsszavak:Információ - művelődéstörténet - 20. sz. - előadáskivonat, Hírszerzés - előadáskivonat, Világháború - 1. - előadáskivonat
Tárgyszavak:
Online Access:http://acta.bibl.u-szeged.hu/63586
LEADER 01013naa a2200217 i 4500
001 acta63586
005 20230616104321.0
008 191209s2014 hu o 1|| hun d
020 |a 978 963 306 333 0 
040 |a SZTE Egyetemi Kiadványok Repozitórium  |b hun 
041 |a hun 
100 1 |a Szabó Szilárd 
245 1 0 |a Hírszerzés és elhárítás   |h [elektronikus dokumentum] :  |b az osztrák-magyar katonai titkosszolgálat /  |c  Szabó Szilárd 
260 |a Primaware  |b Szeged  |c 2014 
300 |a 13-14 
490 0 |a Az I. világháború információtörténetéhez : előadás-kivonatok 
650 4 |a Bölcsészettudományok 
650 4 |a Történettudomány és régészet 
695 |a Információ - művelődéstörténet - 20. sz. - előadáskivonat, Hírszerzés - előadáskivonat, Világháború - 1. - előadáskivonat 
711 |a Az első világháború információtörténetéhez  |c Szeged  |d 2014. október 8. 
856 4 0 |u http://acta.bibl.u-szeged.hu/63586/1/elso_vilaghaboru_013-014.pdf  |z Dokumentum-elérés